Orientación profesional
Gespeichert in:
| Hauptverfasser: | , , , |
|---|---|
| Format: | Buch |
| Sprache: | Spanisch |
| Veröffentlicht: |
Barcelona
UOC
2008
|
| Ausgabe: | 1a. ed |
| Schriftenreihe: | Ciencias de la Educación, 109
|
| Schlagworte: | |
| Tags: |
Tag hinzufügen
Keine Tags, Fügen Sie den ersten Tag hinzu!
|
MARC
| LEADER | 00000nam a2200000 a 4500 | ||
|---|---|---|---|
| 001 | UCH9647 | ||
| 003 | CL-VaPUC | ||
| 008 | 100114e20080600SP |||||||||||||||||spa|d | ||
| 020 | |a 9788497887182 | ||
| 082 | 0 | 4 | |a 371.425 |b ECH |2 21 |
| 100 | 0 | |a Echeverría Samanes, Benito |e author |9 546848 | |
| 700 | 0 | |a Isus Barado, Sofía |e author |9 546849 | |
| 700 | 0 | |a Martínez Clares, María Pilar |e author |9 546850 | |
| 700 | 0 | |a Sarasola Ituarte, Lander |e author |9 546851 | |
| 245 | 1 | 0 | |a Orientación profesional |
| 250 | |a 1a. ed | ||
| 300 | |a 467 p | ||
| 942 | |c BK | ||
| 945 | |d 20100114 00:00:00 |a dcastane | ||
| 260 | |a Barcelona |b UOC |c 2008 | ||
| 650 | 0 | |a Orientación profesional |9 308504 | |
| 650 | 0 | |a Orientación vocacional |9 255692 | |
| 650 | 7 | |a PSICOLOGIA LABORAL |2 CL-VaPUC |9 430454 | |
| 651 | 0 | |a España |9 254926 | |
| 583 | |a last modification |c 20100114 00:00:00 |k Rodrigo Vera | ||
| 490 | 0 | |a Ciencias de la Educación, 109 | |
| 999 | |c 339568 |d 339566 | ||
| 952 | |0 0 |1 0 |4 0 |6 371_425000000000000_ECH_2008 |7 0 |8 A |9 433278 |a BIBEDU |b BIBEDU |d 2019-11-22 |i 4633830 |o 371.425 ECH 2008 |p 4633830 |r 2019-11-22 |w 2019-11-22 |y BK |k EPE | ||